| 000 | 00639nam a2200193 i 4500 | ||
|---|---|---|---|
| 001 | 77625 | ||
| 003 | ES-MaACL | ||
| 005 | 20230906173315.0 | ||
| 007 | t| | ||
| 008 | 041027s1998 pr ||||1| spa d | ||
| 020 | _a0-8477-0332-0 | ||
| 080 | _a597.6(729.5) | ||
| 100 | 1 |
_aJoglar, Rafael L. _966711 |
|
| 245 | 1 | 4 |
_aLos coquíes de Puerto Rico _b: su historia natural y conservación / _cRafael L. Joglar. |
| 260 |
_aSan Juan de Puerto Rico : _bUniversidad de Puerto Rico, _c1998. |
||
| 300 |
_a232 p. ; _c28 cm. |
||
| 650 | 1 | 4 |
_aAnfibios- _zPuerto Rico. _99824 |
| 852 |
_aES-MaACL _jE-10154 _bR.134389 |
||
| 999 |
_c77625 _d77625 |
||